| 000 | 00757nam a2200205 a 4500 | ||
|---|---|---|---|
| 001 | 000025677 | ||
| 005 | 20240319191734.0 | ||
| 008 | 090706s1992 dr 001 0 spa d | ||
| 040 |
_aDO-SdBNP _bspa _cBNPHU |
||
| 082 |
_a339.2097293 _bR789d |
||
| 100 | 1 |
_aRosario, Esteban _d1953- _99330 |
|
| 245 | 1 | 4 |
_aLos dueños de la República Dominicana / _cEsteban Rosario. |
| 260 |
_aSanto Domingo : _bServicios Gráficos Oriental, _c1992 _fEditora Búho |
||
| 300 |
_a214 p. ; _c22 cm. |
||
| 504 | _aIncluye referencias bibliográficas | ||
| 650 | 4 |
_aDistribución del ingreso _zRepública Dominicana _96293 |
|
| 650 | 4 |
_aCapitalistas _zRepública Dominicana _99331 |
|
| 650 | 4 |
_aRiqueza _zRepública Dominicana _99332 |
|
| 650 | 4 |
_aPobreza _zRepública Dominicana _92079 |
|
| 999 |
_c25169 _d25169 |
||